| 000 | 00529cam a2200217 4500 | ||
|---|---|---|---|
| 008 | 090401t1972 xxu||||| |||| 00| 0 eng d | ||
| 020 | _a0713132809 | ||
| 035 | _a(Sirsi) u41522 | ||
| 041 | _aeng | ||
| 050 | _a691 | ||
| 100 | _aRagsdale, L.A. | ||
| 245 | _aBuilding materials technology | ||
| 250 | _a2nd | ||
| 260 |
_aLondon _bEdward Arnold _c1972 |
||
| 300 | _aviii, 336p. ; 24cm. | ||
| 350 | _a0 | ||
| 690 | _aBUILT ENVIRONMENT-BUILDING MATERIALS | ||
| 700 | _aRaynham, E.A. | ||
| 942 | _n0 | ||
| 948 | _c04/03/1997 | ||
| 999 |
_c90944 _d90944 |
||